000 00461nam a22001577a 4500
003 NUST
005 20250115105451.0
020 _a969000526X
082 _a891.4392,FAT
100 _aFatima, Altaf
_9127550
245 _aDastak Na Do (دستک نہ دو ) /
_cAltaf Fatima
260 _aFeroz Sons Pvt Ltd
_bRawalpindi
_c1987
300 _a787 p
650 _aUrdu Literature Dastak Na Do
_9127551
942 _2ddc
_cBK
_h891.4392,FAT
999 _c612640
_d612640